000 00731nam a2200229 i 4500
001 183183
003 ES-MaACL
005 20250803114117.0
008 140128s1982 sp ||||0| spa d
020 _a84-02-07172-4
080 _a821.111(73)-31"19"
100 1 _aBurroughs, William S.,
_d1914-1997
_9241541
245 1 3 _aEl almuerzo desnudo /
_cWilliam Burroughs ; [traducción, Martín Lendínez].
250 _a2ª ed.
260 _aBarcelona :
_bBruguera,
_c1982.
300 _a279 p. ;
_c18 cm.
490 1 _aClub Bruguera ;
_v22
700 0 _aLendínez, Martín.
_971511
830 0 _aClub Bruguera ;
_v22
_9191885
852 _aES-MaACL
_jL-29996
_z.- Donat. Miguel A. Velasco
999 _c183183
_d183183